00811nam a22001575i 4500001000700000003000900007005001700016008004100033040003000074100004900104245009700153260006300250300002100313500013700334852018200471157131ES-MaACL20250824063054.0991021s1858 sp |||| | spa d aCCPB | B bspa cCCPB | B1 aLarra y Wetoret, Luis Mariano de,d1830-190113aEl rey del mundo b: comedia en tres actos y en verso / coriginal de Luis Mariano de Larra. aMadrid : b[s.n.], c1858 (fImprenta de José Rodriguez) a83 p. ; c20 cm. aEn port.: Representada por primera vez en el teatro del Circo el 2 de Abril de 1858, á beneficio del primer actor D. Julian Romea. aES-MaACLjF-8609(6) z-- Enc. pasta española q-- Falto de la cub. originalz.- Enc. en un vol. facticio formando parte de la col. facticia "Teatro español moderno", vol. 64